[Event "Campo Grande CC 64"]
[Site "Campo Grande"]
[Date "2021.12.10"]
[Round "5"]
[White "Gazineu Neto, Rubens"]
[Black "Borges, Felipe"]
[Result "0-1"]
[WhiteElo "1936"]
[BlackElo "1895"]
[PlyCount "144"]
[EventDate "2021.12.10"]
[EventType "tourn"]
[EventRounds "9"]
[EventCountry "BRA"]
[SourceTitle "CBM 206 Extra"]
[Source "ChessBase"]
[SourceDate "2022.03.31"]
[SourceVersion "1"]
[SourceVersionDate "2022.03.31"]
[SourceQuality "1"]

1. e4 c5 2. Nf3 d6 3. d4 cxd4 4. Nxd4 Nf6 5. Nc3 a6 6. Be3 e5 7. Nb3 Be6 8. Qd2 Be7 9. f3 Nbd7 10. 0-0-0 h5 11. g3 b5 12. a3 Rc8 13. Kb1 Nb6 14. Na5 Qc7 15. h3 Nbd7 16. Nb3 Kf8 17. f4 Nb6 18. Na5 Na4 19. Nd5 Nxe4 20. Nxc7 Nxd2+ 21. Rxd2 Rxc7 22. Bg2 g6 23. Nc6 f6 24. fxe5 dxe5 25. Rf1 Kf7 26. Nxe5+ Kg7 27. Nc6 Bxh3 28. Bxh3 Rxc6 29. Rd7 Kf7 30. Rfd1 Rhc8 31. c3 R8c7 32. R7d2 Bxa3 33. Bg2 Nxc3+ 34. bxc3 Rxc3 35. Rd3 Ke6 36. Bd5+ Ke7 37. Bf4 Bd6 38. Re1+ Be5 39. Rxc3 Rxc3 40. Bxe5 fxe5 41. Bb7 Kf6 42. Bxa6 Rxg3 43. Kc2 b4 44. Bb7 Rg4 45. Kd2 Rf4 46. Ke3 Kg5 47. Bc8 Rc4 48. Rg1+ Kh6 49. Be6 Rd4 50. Bf7 g5 51. Be6 g4 52. Rc1 h4 53. Rc5 h3 54. Rxe5 h2 55. Kxd4 h1Q 56. Bxg4 b3 57. Bf5 b2 58. Bd3 Qa1 59. Ke4 Qe1+ 60. Kd4 Qa1 61. Ke4 b1Q 62. Bxb1 Qxb1+ 63. Kd5 Kg6 64. Re6+ Kf5 65. Re5+ Kf4 66. Re6 Qa1 67. Re4+ Kf5 68. Rd4 Qa8+ 69. Kd6 Qa3+ 70. Kd5 Qb2 71. Rc4 Qb1 72. Rd4 Qb5+ 0-1